00586nam a2200205Ia 4500003000900000008004100009020001800050040001600068080001300084100001700097245007600114260003600190300001500226490004800241650001400289650002300303650001700326650002100343650001600364IN-BaIIA211028s9999 xx 000 0 eng d a0-387-95360-4 cIIA Library a535bMOL aMoller, K. D 0aOpticsblearning by computing with examples using mathcadcK. D. Moller aNew YorkbSpringer-Verlagc2003 axvi, 443p. aUndergarduate texts in Contemporary Physics aCoherence aGeometrical Optics aInterference aMaxwell's Theory aWave Theory